00598cam a22001811i 4500008004100000050001500041100002800056245009200084260003000176300004100206504004100247500002000288651004600308650003500354003000100389005001700390040000900407 00aDA677bRAS1 aRasmussen, Steen Eiler.10aLondon :b the unique city /cby Steen Eiler Rasmussen ; with an introd. by James Bone. aLondon :bJ. Cape,c1948. a440 p. :bill., maps, plans ;c23 cm aIncludes bibliographical references. aIncludes index. 0aLondon (England)xDescription and travel. 0aPublic workszEnglandzLondon.20230120131030.0 cNUST